Legazpiko auzoak - Statistics

General Stats
  • This quiz has been taken 13 times
    8 since last reset
  • The average score is 8 of 16
Answer Stats
Answer % Correct
Brinkola
100%
Bikuña
83%
Itxaropen
83%
Telleriarte
83%
San Inazio
67%
Laubide
50%
Motxorro
50%
San Joan
50%
San Martin
50%
Arantzazu
33%
Mantxola
33%
Urtatza
33%
Guriditegi
17%
San Jose
17%
Elbarrena
0%
Olaberri
0%
No matching quizzes found
Score Distribution
Percent of People with Each Score
Percentile by Number Answered
Your Score History
You have not taken this quiz since the last reset